THE SCIENCE AND ART OF YOGA IN MENTAL AND NEUROLOGICAL HEALTHCARE (Record no. 25805)

MARC details
000 -LEADER
fixed length control field 00471nam a22001697a 4500
003 - CONTROL NUMBER IDENTIFIER
control field SGT
020 ## - INTERNATIONAL STANDARD BOOK NUMBER
International Standard Book Number 9188194802815
082 ## - DEWEY DECIMAL CLASSIFICATION NUMBER
Classification number 613.7
Item number S21V
100 ## - MAIN ENTRY--PERSONAL NAME
Personal name VARAMBALLY, SHIVARAMA,ed.
245 ## - TITLE STATEMENT
Title THE SCIENCE AND ART OF YOGA IN MENTAL AND NEUROLOGICAL HEALTHCARE
250 ## - EDITION STATEMENT
Edition statement 1ST
260 ## - PUBLICATION, DISTRIBUTION, ETC. (IMPRINT)
Place of publication, distribution, etc NEW DELHI
Name of publisher, distributor, etc JAYPEE BROTHERS PUB.
Year of Publication 2021
300 ## - PAGE DESCRIPTION
No. of Pages 286
650 ## - SUBJECT ADDED ENTRY--TOPICAL TERM
Topical term or geographic name as entry element YOGA & ART
653 ## - KEYWORDS--INDEX TERM
Keyword term YOGA, ART, SCIENCE, NEUROLOGICAL, HEALTH CARE, MENTAL
942 ## - ADDED ENTRY ELEMENTS (KOHA)
Source of classification or shelving scheme Dewey Decimal Classification
Koha item type Books
942 ## - ADDED ENTRY ELEMENTS (KOHA)
-- 5
Holdings
Withdrawn status Lost status Source of classification or shelving scheme Damaged status Not for loan Collection code Home library Current library Shelving location Date acquired Vendor Name Cost, normal purchase price SGTU Bill Number Total Checkouts Full call number Accession No. (Barcode) Date last seen Date last borrowed Bill Date Koha item type Use restrictions
    Dewey Decimal Classification     AYURVEDA SGT FA-FP Library SGT FA-FP Library Text Book 14/03/2024 ABC PUBLICATION 2495.00 SGTU IN258 4 613.7 S21V FA12026 22/07/2024 01/07/2024 08/03/2024 Books  
    Dewey Decimal Classification     AYURVEDA SGT FA-FP Library SGT FA-FP Library Text Book 14/03/2024 ABC PUBLICATION 2495.00 SGTU IN258 1 613.7 S21V FA12027 27/01/2026 13/01/2026 08/03/2024 Books  
    Dewey Decimal Classification     AYURVEDA SGT FA-FP Library SGT FA-FP Library Text Book 14/03/2024 ABC PUBLICATION 2495.00 SGTU IN258 1 613.7 S21V FA12028 19/08/2025 13/08/2025 08/03/2024 Books  
    Dewey Decimal Classification     AYURVEDA SGT FA-FP Library SGT FA-FP Library Reference Book 14/03/2024 ABC PUBLICATION 2495.00 SGTU IN258 1 613.7 S21V FA12029 18/03/2024 18/03/2024 08/03/2024 Books Restricted Access
    Dewey Decimal Classification     AYURVEDA SGT FA-FP Library SGT FA-FP Library Text Book 14/03/2024 ABC PUBLICATION 2495.00 SGTU IN258   613.7 S21V FA12030 14/03/2024   08/03/2024 Books